One Word 'C' Movies Quiz Stats

 Plays Quiz Updated Nov 2, 2015

Challenge
Share
Tweet
Score 0/30 Timer 08:00
2 Plays Today
% Correct
Cars
94.6%
Casper
92.9%
Casino
89.3%
Chicago
83.6%
Caddyshack
82.5%
Casablanca
76%
Capote
74.1%
Clueless
73.4%
Coraline
65.2%
Clerks
61.2%
Click
60.9%
Clue
60%
Contact
55.4%
Commando
54.2%
Cliffhanger
50.1%
% Correct
Collateral
48.9%
Chocolat
45.7%
Contagion
44.8%
Chinatown
42.6%
Crash
40.1%
Constantine
36.5%
Crank
36.3%
Changeling
35%
Cloverfield
26.4%
Cube
25.1%
Chappie
19.4%
Chronicle
17%
Carnage
9.6%
Chopper
6.6%
Control
6.2%

You're not logged in!

Compare scores with friends on all Sporcle quizzes.
Join for Free
OR
Log In

You Might Also Like...

Show Comments

Extras

Top Quizzes Today


Score Distribution

Your Account Isn't Verified!

In order to create a playlist on Sporcle, you need to verify the email address you used during registration. Go to your Sporcle Settings to finish the process.

Report this User

Report this user for behavior that violates our Community Guidelines.

Details: